|
|
|
|
| LEADER |
00000ckm a2200000 a 4500 |
| 001 |
vtls001378380 |
| 003 |
SK-MaSNL |
| 005 |
20260512125537.0 |
| 007 |
kp co |
| 008 |
230706s1969 xr g kuslo |
| 015 |
|
|
|a SNBG1969
|
| 035 |
|
|
|a SNK000332345
|
| 035 |
|
|
|a urn:nbn:sk:snk-km45v4p
|
| 035 |
|
|
|a BBCD0B11-C80F-4AAE-88C7-08585C42BA1C
|
| 035 |
|
|
|a urn:nbn:sk:snk-km00faaa
|
| 040 |
|
|
|a SNK
|b slo
|c SNK
|e AACR2
|
| 041 |
0 |
|
|a slo
|
| 043 |
|
|
|a e-xo---
|
| 044 |
|
|
|a xr
|c CZ
|
| 072 |
|
7 |
|a 913
|x Regionálna geografia
|2 konspekt
|
| 080 |
|
|
|a 913(437.6)
|2 2011
|
| 080 |
|
|
|a 728.82
|2 2011
|
| 080 |
|
|
|a 712.253
|2 2011
|
| 080 |
|
|
|a 711.61
|2 2011
|
| 080 |
|
|
|a 640.412
|2 2011
|
| 080 |
|
|
|a (084.121)
|2 2011
|
| 080 |
|
|
|a 656.815.3
|2 2011
|
| 100 |
1 |
|
|a Šťastný, Jozef,
|d 1936-
|4 pht
|9 7817
|
| 245 |
1 |
0 |
|a Zvolen
|h grafika
|c foto J. Šťastný
|
| 260 |
|
|
|a Praha
|b Nakladatelství Orbis
|c 1969
|
| 300 |
|
|
|a 1 pohľadnica
|b farebná
|c 11 x 15 cm
|
| 500 |
|
|
|a Na adresnej časti uvedené: "Námestie Slovenského národného povstania. Pošta, hotel Poľana a zámok (zo 14. stor., v súčasnosti reštaurovaný)"
|
| 520 |
8 |
|
|a Zobrazenie: Pohľad z výšky na koniec Námestia SNP. Uprostred neho je park s trávantými plochami a kvetinovými záhonmi, uprostred je fontána. Vľavo vidno poschodové domy, medzi nimi vľavo poštu, na rohu v pozadí je Hotel Poľana. Vpravo v pozadí za námestím vidno Zvolenský zámok. Na námestí je niekoľko áut, autobus vpravo a ľudí
|
| 610 |
2 |
7 |
|a Zvolenský zámok
|2 SNKKA
|9 231245
|
| 650 |
0 |
7 |
|a námestia
|2 SNKPH
|9 26291
|
| 650 |
0 |
7 |
|a zámky
|2 SNKPH
|9 3041
|
| 650 |
0 |
7 |
|a hotely
|2 SNKPH
|9 18422
|
| 650 |
0 |
7 |
|a parky
|2 SNKPH
|9 2942
|
| 650 |
0 |
7 |
|a pošty
|2 SNKPH
|9 13835
|
| 651 |
|
7 |
|a Zvolen (Slovensko)
|2 SNKPHgeo
|9 14595
|
| 651 |
|
7 |
|a Námestie SNP (Zvolen, Slovensko)
|2 SNKPHgeo
|9 224977
|
| 655 |
|
7 |
|a miestne pohľadnice
|2 SNKPH
|9 70510
|
| 852 |
|
|
|a Slovenská národná knižnica
|
| 958 |
|
|
|a GBN
|
| 958 |
|
|
|a GC
|
| 958 |
|
|
|a OND
|
| 999 |
|
|
|c 1065899
|d 1067829
|
| 952 |
|
|
|t P60, <04>, [BOOK], {604}
|a SNK
|b SNK
|y PREZ
|7 0
|p 17A1220548
|o snkSP 25867 D1
|i snkPV 159/99
|8 0
|z exemplár poškodený (orezaný)
|0 0
|1 0
|4 0
|d 2000-03-31
|l 0
|r 2005-01-02 00:00:00
|w 2026-02-24
|
| 952 |
|
|
|a SNK
|b SNK
|y PREZ
|7 0
|p 17A1220547
|o snkSP 25867
|0 0
|1 0
|4 0
|d 2017-05-19
|f 1
|l 0
|r 2026-02-24 15:39:27
|w 2026-02-24
|